| 000 | 00424 a2200157 4500 | ||
|---|---|---|---|
| 020 | _a 1861591179 | ||
| 082 | _a823 SET | ||
| 090 |
_c1082 _d1082 |
||
| 100 | _aSeth , Vikram. | ||
| 245 |
_aAn Equal Music _cVikram Seth , |
||
| 260 |
_aLondon : _bPheonix House , _c1999. |
||
| 300 | _a381 p. | ||
| 500 | _aIncludes Index | ||
| 650 | _aChamber music groups--Fiction 2.Violinist--Fiction 3.Pianist--Fiction | ||
| 942 |
_cBK _k823 SET |
||
| 999 |
_c5045 _d5045 |
||